Educar las emociones. Educar para la vida.
Gardado en:
| Autor Principal: | |
|---|---|
| Formato: | Libro |
| Publicado: |
Santiago, Chile:
Ediciones B; Penguin Random House,
2008.
|
| Edición: | Edición actualizada. |
| Subjects: | |
| Tags: |
Engadir etiqueta
Sen Etiquetas, Sexa o primeiro en etiquetar este rexistro!
|
MARC
| LEADER | 00000nam a2200000 a 4500 | ||
|---|---|---|---|
| 001 | UCH7860 | ||
| 003 | CL-VaPUC | ||
| 005 | 20231016120705.0 | ||
| 008 | 220707t2008 ||||| |||| 00| 0 eng d | ||
| 999 | |c 436756 |d 436754 | ||
| 020 | |a 978-956-304-269-6 | ||
| 040 | |c Pontificia Universidad Católica de Valparaíso | ||
| 082 | 0 | 4 | |a 155 CES 2008 |2 21 |
| 100 | 0 | |a Céspedes Calderón, Amanda |e autora |9 544245 | |
| 245 | 1 | 0 | |a Educar las emociones. |b Educar para la vida. |
| 250 | |a Edición actualizada. | ||
| 260 | |a Santiago, Chile: |b Ediciones B; |b Penguin Random House, |c 2008. | ||
| 300 | |a 187 páginas. | ||
| 583 | |a last modification |c 20091126 00:00:00 |k Catalogador Asistente | ||
| 650 | 0 | |a Psicología del niño |9 307305 |x Desarrollo emocional | |
| 650 | 0 | |a Desarrollo infantil |9 308064 |x Emociones | |
| 942 | |c BK |2 ddc | ||
| 952 | |0 0 |1 0 |2 ddc |4 0 |6 155_000000000000000_CES_2008 |7 0 |8 A |9 584460 |a BIBTEO |b BIBTEO |c GEN |d 2022-07-07 |i 5652616 |o 155 CES 2008 |p 5652616 |r 2025-01-17 |t 1 |w 2022-07-07 |y BK |k ICR | ||